| 000 | 00496nam a2200121Ia 4500 | ||
|---|---|---|---|
| 008 | 171212s9999 xx 000 0 und d | ||
| 020 | _a9780833081803 | ||
| 100 | _aBruce, James B.;Jameson, W. George | ||
| 245 |
_cBruce, James B.;Jameson, W. George _aFixing Leaks _bAssessing the Department of Defense’s Approach to Preventing and Deterring Unauthorized Disclosures |
||
| 260 |
_bRAND Corporation _c2013 |
||
| 650 | _aPolitical Science | ||
| 856 | _uhttp://www.jstor.org/stable/10.7249/j.ctt5hhtxb | ||
| 999 |
_c352095 _d352095 |
||